[Event "Czech Coal"]
[Site "Carlsbad CZE"]
[Date "2007.09.09"]
[Round "2"]
[White "Movsesian,S"]
[Black "Korchnoi,V"]
[Result "1-0"]
[WhiteElo "2667"]
[BlackElo "2610"]

1.e4 c5 2.Nf3 e6 3.d4 cxd4 4.Nxd4 Nc6 5.Nc3 d6 6.Be3 Nf6 7.f3 Be7 8.Qd2 O-O
9.g4 d5 10.g5 Nxd4 11.Qxd4 Nh5 12.Rg1 b6 13.O-O-O Bc5 14.Qd2 Bxe3 15.Qxe3 Bb7
16.exd5 exd5 17.f4 Qc7 18.Rd4 g6 19.Bg2 Ng7 20.Rxd5 Rae8 21.Re5 Nf5 22.Qe1 Rxe5
23.fxe5 Bxg2 24.Rxg2 Re8 25.Re2 Kg7 26.a3 Qc5 27.Re4 Re6 28.Kb1 a6 29.h4 b5
30.Na2 Nd4 31.Qf2 Nb3 32.Re3  1-0

[Event "UK-CHN Match"]
[Site "Liverpool ENG"]
[Date "2007.09.09"]
[Round "6"]
[White "Ding Yixin"]
[Black "Arakhamia,K"]
[Result "1-0"]
[WhiteElo "2278"]
[BlackElo "2418"]

1.e4 c5 2.Nf3 e6 3.d4 cxd4 4.Nxd4 Nc6 5.Nc3 d6 6.Be2 Nf6 7.O-O Be7 8.Be3 O-O
9.f4 e5 10.Nb3 a5 11.a4 Nb4 12.Bf3 Be6 13.Kh1 Qc8 14.f5 Bc4 15.Rf2 d5 16.exd5 Rd8
17.Bb6 Rxd5 18.Nxd5 Nbxd5 19.Nxa5 Nxb6 20.Bxb7 Qc5 21.Bxa8 Qxa5 22.Bf3 e4
23.Be2 e3 24.Rf4 Bxe2 25.Qxe2 Qe5 26.Rff1 h5 27.a5 Na8 28.a6 Ng4 29.g3 Qxb2
30.Qg2 Nc7 31.a7 Nf2+ 32.Kg1 Bc5 33.a8=Q+ Nxa8 34.Rxa8+ Kh7 35.Qf3 Ng4 36.Qe2 Bd4
37.Ra4 Bb6 38.Re1 Qc3 39.h3 Nf6 40.Rd1 Qe5 41.Kg2 Qxf5 42.Qd3 Qxd3 43.cxd3 Nd5
44.Re1 g5 45.Kf3 f5 46.Rc1 g4+ 47.hxg4 hxg4+ 48.Ke2 Kg6 49.Rc6+ Kg5 50.Ra6 f4
51.Raxb6 f3+ 52.Kf1  1-0

[Event "4th LGA Premium Cup"]
[Site "Nuernberg GER"]
[Date "2007.09.09"]
[Round "6"]
[White "Koch,Mo"]
[Black "Milov,L"]
[Result "1/2-1/2"]
[WhiteElo "2251"]
[BlackElo "2470"]

1.e4 c5 2.Nf3 e6 3.Nc3 Nc6 4.d4 cxd4 5.Nxd4 Qc7 6.Be3 a6 7.Qd2 Nf6 8.f3 Bb4
9.O-O-O Ne7 10.Nde2 d5 11.Bg5 dxe4 12.Bxf6 gxf6 13.Qh6 f5 14.fxe4 Qe5 15.Qh4 Bd6
16.Nd4 Qf4+ 17.Qxf4 Bxf4+ 18.Kb1 fxe4 19.Nxe4 Nd5 20.g3 Be5 21.Nf3 Bc7 22.c4 Ne3
23.Re1 Nxf1 24.Nf6+ Kf8 25.Rhxf1 Ba5 26.Re5 Bd8 27.Ng5 h6 28.Nge4 b6 29.Nd6 Bxf6
30.Rxf6 Ke7 31.Ne4 Bb7 32.Rf2 Bxe4+ 33.Rxe4 Rac8 34.b3 Rc5 35.Kc2 h5 36.b4 Rg5
37.Kc3 f5 38.Re5 h4 39.Rfe2 Rh6 40.gxh4 Rgh5 41.c5 bxc5 42.bxc5 f4 43.Rxh5 Rxh5
44.Kd4 f3 45.Rc2 Rxh4+ 46.Ke3 Rh3 47.Kf4 f2 48.Rxf2 Rc3 49.h4 Rxc5 50.Rh2 Kf6
51.h5 Rc4+ 52.Ke3 Rc7 53.h6 Kg6 54.Ke4 Kh7 55.Ke5 Rc6 56.Rh4 Rb6 57.a4 a5
58.Kf6 Rb4 59.Rh5 Rxa4 60.Kxe6 Ra1 61.Kd5 Rc1 62.Kd4 a4 63.Ra5 Rh1 64.Kc3 Rh4
65.Ra6 Rxh6 66.Rxh6+ Kxh6  1/2-1/2

[Event "4th LGA Premium Cup"]
[Site "Nuernberg GER"]
[Date "2007.09.09"]
[Round "6"]
[White "Koepke,C"]
[Black "Del Rio Angelis,S"]
[Result "0-1"]
[WhiteElo "2295"]
[BlackElo "2506"]

1.e4 c5 2.Nf3 e6 3.d4 cxd4 4.Nxd4 Nc6 5.Nc3 d6 6.Be3 Nf6 7.Qd2 Be7 8.f3 a6
9.O-O-O O-O 10.g4 Nxd4 11.Bxd4 b5 12.Kb1 Qc7 13.g5 Nd7 14.h4 Rb8 15.h5 b4
16.Na4 Qa5 17.b3 Bxg5 18.Qg2 f6 19.Rg1 Qc7 20.f4 Bh6 21.Be3 Rf7 22.Nb2 Bb7
23.Bc4 Nf8 24.Nd3 f5 25.Nf2 Bxe4 26.Nxe4 fxe4 27.Bd4 Bxf4 28.Rdf1 Bh6 29.Rxf7 Qxf7
30.Qxe4 d5 31.Qe5 Nd7  0-1

[Event "ch-Africa Men"]
[Site "Windhoek NAM"]
[Date "2007.09.09"]
[Round "9"]
[White "Frhat,A"]
[Black "Steel,H"]
[Result "1/2-1/2"]
[WhiteElo "2384"]
[BlackElo "2200"]

1.e4 c5 2.Nf3 Nc6 3.Nc3 e6 4.d4 cxd4 5.Nxd4 a6 6.Be3 Nf6 7.Be2 Bb4 8.O-O Qc7
9.Na4 O-O 10.Nxc6 bxc6 11.Nb6 Rb8 12.Nxc8 Rfxc8 13.Bxa6 Rd8 14.Bd3 Bd6 15.Kh1 Rxb2
16.Bd4 Rbb8 17.c4 Be5 18.Bxe5 Qxe5 19.f4 Qd4 20.Qf3 d5 21.exd5 cxd5 22.Rfd1 Qa7
23.cxd5 Nxd5 24.Bc4 Nf6 25.f5  1/2-1/2

[Event "FSGM September"]
[Site "Budapest HUN"]
[Date "2007.09.10"]
[Round "10"]
[White "Pilgaard,K"]
[Black "Mihok,O"]
[Result "1-0"]
[WhiteElo "2427"]
[BlackElo "2402"]

1.e4 c5 2.Nf3 e6 3.d4 cxd4 4.Nxd4 Nc6 5.Nc3 Qc7 6.Be3 a6 7.Bd3 Nf6 8.O-O Ne5
9.Nf3 Nfg4 10.Bf4 Bd6 11.Nd4 Nf6 12.Bg3 Nxd3 13.Bxd6 Qxd6 14.Qxd3 e5 15.Qg3 g6
16.Nf3 O-O 17.Rad1 Qe6 18.Qxe5 b5 19.Qf4 b4 20.Nd5 Nxd5 21.exd5 Qb6 22.Rfe1 d6
23.Re7  1-0

[Event "60th ch-RUS Higher League"]
[Site "Krasnoyarsk RUS"]
[Date "2007.09.10"]
[Round "7"]
[White "Amonatov,F"]
[Black "Grigoriants,S RUS"]
[Result "1/2-1/2"]
[WhiteElo "2598"]
[BlackElo "2591"]

1.e4 c5 2.Nf3 Nc6 3.d4 cxd4 4.Nxd4 e6 5.Nc3 a6 6.Be3 Nf6 7.Bd3 Qc7 8.Qe2 b5
9.f4 Bb7 10.e5 Nxd4 11.Bxd4 Nd5 12.Nxd5 Bxd5 13.O-O Bc5 14.Bxc5 Qxc5+ 15.Kh1 O-O
16.Rad1 Rac8 17.a3 g6 18.Qf2  1/2-1/2

[Event "2nd Women's"]
[Site "Baku AZE"]
[Date "2007.09.11"]
[Round "8"]
[White "Umudova,N"]
[Black "Milliet,S"]
[Result "0-1"]
[WhiteElo "2213"]
[BlackElo "2414"]

1.e4 c5 2.Nf3 e6 3.d4 cxd4 4.Nxd4 Nc6 5.Nc3 Qc7 6.Be3 a6 7.Qd2 Nf6 8.O-O-O Bb4
9.f3 Ne5 10.Nb3 b5 11.Qe1 Be7 12.f4 Ng6 13.e5 Ng4 14.Bd2 f5 15.h3 Nh6 16.Bd3 Bb7
17.Rg1 Rc8 18.Ne2 O-O 19.Ba5 Qb8 20.g4 d6 21.g5 Nf7 22.h4 Bf3 23.Nbd4 dxe5
24.Nxe6 e4 25.h5 exd3 26.hxg6 Rxc2+ 27.Kb1 dxe2 28.Rd7 Be4 29.Ka1 hxg6 30.Rxe7 Rfc8
31.Bc3 Qd6 32.Rxf7 Kxf7 33.Nd4 b4 34.Nxc2 bxc3 35.bxc3 Qd1+ 36.Qxd1 exd1=Q+
37.Rxd1 Bxc2 38.Rd6 Rb8 39.a3 a5 40.Ra6 a4 41.Ra7+ Kg8  0-1

[Event "60th ch-RUS Higher League"]
[Site "Krasnoyarsk RUS"]
[Date "2007.09.11"]
[Round "8"]
[White "Zvjaginsev,V"]
[Black "Grachev,B"]
[Result "1-0"]
[WhiteElo "2658"]
[BlackElo "2601"]

1.e4 c5 2.Nc3 Nc6 3.Nf3 e6 4.d4 cxd4 5.Nxd4 Qc7 6.g3 a6 7.Bg2 d6 8.O-O Bd7
9.Nb3 Be7 10.f4 Nf6 11.Be3 Na5 12.e5 dxe5 13.fxe5 Nc4 14.exf6 Nxe3 15.Qd4 Nxf1
16.fxe7 Nxg3 17.hxg3 Kxe7 18.Rf1 f6 19.Nc5 Rhe8 20.Nxb7 Rab8 21.Re1 Kf8 22.Qc5+ Qxc5+
23.Nxc5 Bc8 24.b3 Re7 25.N3a4 e5 26.Rd1 Bf5 27.Nxa6 Bxc2 28.Rc1 Bxb3 29.N4c5 Bxa2
30.Nxb8 g6 31.Nc6 Re8 32.Ra1  1-0

[Event "3rd Geller mem Open A"]
[Site "Odessa UKR"]
[Date "2007.09.11"]
[Round "4"]
[White "Tarlev,K"]
[Black "Firman,N"]
[Result "1-0"]
[WhiteElo "2472"]
[BlackElo "2517"]

1.e4 c5 2.Nf3 e6 3.d4 cxd4 4.Nxd4 Nc6 5.Nc3 d6 6.Be3 Nf6 7.Rg1 d5 8.Bb5 Bd7
9.exd5 exd5 10.Qe2 Bb4 11.Nxc6 Bxc6 12.Bd4+ Qe7 13.O-O-O O-O 14.Qxe7 Bxe7
15.Ba4 Ne4 16.Bb3 Bg5+ 17.Kb1 Nd2+ 18.Ka1 Nxb3+ 19.axb3 Rfe8 20.b4 a6 21.Ka2 Re6
22.Kb3 Rae8 23.Rd3 Re1 24.Rxe1 Rxe1 25.g3 h5 26.h4 Bh6 27.Bc5 Re5 28.f4 Rf5
29.b5 Bxb5 30.Nxb5 axb5 31.Kb4 f6 32.Kxb5 g5 33.fxg5 fxg5 34.hxg5 Rxg5 35.Be3 Rg6
36.Bxh6 Rxh6 37.Rxd5 Kf8 38.Rd8+ Kg7 39.Rd7+ Kg8 40.Rxb7 Rg6 41.c4 Rxg3 42.c5 Rg2
43.b4  1-0

[Event "2nd Women's"]
[Site "Baku AZE"]
[Date "2007.09.12"]
[Round "9"]
[White "Milliet,S"]
[Black "Javakhishvili,L"]
[Result "1/2-1/2"]
[WhiteElo "2414"]
[BlackElo "2460"]

1.e4 c5 2.Nf3 e6 3.d4 cxd4 4.Nxd4 Nc6 5.Nc3 a6 6.Be2 Qc7 7.O-O Nf6 8.Be3 Be7
9.f4 d6 10.Qe1 O-O 11.Qg3 Bd7 12.Nb3 b5 13.a3 b4 14.axb4 Nxb4 15.e5 Ne8 16.Nd4 f6
17.Bg4 f5 18.Bf3 Rb8 19.Nce2 Qc8 20.Rfd1 d5 21.c3 Nc6 22.Ra2 Nc7 23.Rda1 Nd8
24.Nc1 Nb7 25.Ncb3 a5 26.Nxa5 Nxa5 27.Rxa5 Rxb2 28.Be2 Qb8 29.Bd3 Rc8 30.Qe1 g6
31.h3 Ne8 32.Ra7 Nc7 33.R7a5 Kf7 34.Qc1 Rb7 35.Qf1 Bd8 36.R5a3 Be7 37.Ra5 Bd8
38.R5a3 Be7  1/2-1/2

[Event "60th ch-RUS Higher League"]
[Site "Krasnoyarsk RUS"]
[Date "2007.09.12"]
[Round "9"]
[White "Kryakvin,D"]
[Black "Yakovich,Yur"]
[Result "1/2-1/2"]
[WhiteElo "2554"]
[BlackElo "2597"]

1.e4 c5 2.Nf3 Nc6 3.Nc3 e6 4.d4 cxd4 5.Nxd4 Qc7 6.Be3 a6 7.Bd3 b5 8.Nxc6 Qxc6
9.O-O Bb7 10.a3 Nf6 11.Qe2 Be7 12.f4 O-O 13.Kh1 d5 14.e5 Ne4 15.Na2 f6 16.Bd4 fxe5
17.fxe5 Rf5 18.Nb4 Qc7 19.c3 Raf8 20.Nc2 Bc6 21.Ne3 Rf2 22.Qg4 Qd7 23.Bxe4 dxe4
24.Rxf2 Rxf2 25.b4 h6 26.Rd1 Bg5 27.Kg1 Qf7 28.Qg3 Rf4 29.Rf1 Rxf1+ 30.Nxf1 Qh5
31.Qe1 Bf4 32.Ng3 Qg4 33.Ne2 Bg5 34.h3 Qf5 35.Qg3 Bd5 36.Be3 Bxe3+ 37.Qxe3 Qxe5
38.Nd4 Qc7 39.Ne2 Qc4 40.Nf4 Qc7 41.Kf2 Kh7 42.Qd2 Qf7 43.Kg1 Qf5 44.Qe3 Qg5
45.Kf2 Qh4+ 46.Kg1 Kg8 47.Ng6 Qh5 48.Qg3 Kf7  1/2-1/2

[Event "3rd Geller mem Open A"]
[Site "Odessa UKR"]
[Date "2007.09.12"]
[Round "5"]
[White "Oleksienko,M"]
[Black "Teterev,V"]
[Result "1-0"]
[WhiteElo "2567"]
[BlackElo "2500"]

1.e4 c5 2.Nf3 Nc6 3.d4 cxd4 4.Nxd4 e6 5.Nc3 Qc7 6.Be2 a6 7.O-O Nf6 8.Kh1 Be7
9.f4 d6 10.Nxc6 bxc6 11.Qe1 O-O 12.Qg3 d5 13.Bd3 Nd7 14.b3 f5 15.exf5 exf5
16.Bb2 Nf6 17.Na4 c5 18.Be5 Bd6 19.Bxd6 Qxd6 20.Qe3 Ne4 21.Bxe4 d4 22.Rad1 fxe4
23.Qxe4 Bd7 24.Nb2 Rae8 25.Qf3 Bc6 26.Qf2 Re4 27.Nd3 Bb5 28.f5 Bc6 29.h3 Re3
30.Qf4 Rxh3+ 31.Kg1 Qd5 32.Qg4 Rh4 33.Qg3 Re4 34.f6 g6 35.Rd2 Re3 36.Qc7 Rf7
37.Qb8+ Re8 38.Qb6 Bb5 39.Rdf2 c4 40.Nb4 Qe6 41.Qxe6 Rxe6 42.a4 Bd7 43.bxc4 Bxa4
44.Ra1 Bd7 45.Nd5 h5 46.Rb1 Kh7 47.Rb7 Be8 48.Re7 Rfxe7 49.Nxe7 Bf7 50.c5 Re5
51.c6 Rc5 52.Rf4 Rxc2 53.Rxd4 a5 54.Rd7 a4 55.Ra7 a3 56.Rxa3 Be8 57.Ra8  1-0

[Event "60th ch-RUS Higher League"]
[Site "Krasnoyarsk RUS"]
[Date "2007.09.13"]
[Round "10"]
[White "Timofeev,Arty"]
[Black "Vitiugov,N"]
[Result "1/2-1/2"]
[WhiteElo "2650"]
[BlackElo "2608"]

1.e4 c5 2.Nf3 e6 3.d4 cxd4 4.Nxd4 Nc6 5.Nc3 Qc7 6.f4 Nxd4 7.Qxd4 a6 8.a4 b6
9.Be3 Bb7 10.Be2 Nf6 11.Bf3 Bc5 12.Qd3 Bxe3 13.Qxe3 d6 14.Rd1 O-O 15.O-O Rac8
16.Rd2 d5 17.e5 Nd7 18.Ne2 Nb8 19.Nd4 Nc6 20.c3 Nxd4 21.Rxd4 a5 22.Be2 Qe7
23.Bd3 g6 24.g4 Bc6 25.Rf3 Rce8 26.Rf2 Kh8 27.Qh3 f5 28.exf6 Qxf6 29.g5 Qg7
30.Qg3 e5 31.fxe5 Rxf2 32.Kxf2 Qxe5 33.Qxe5+ Rxe5 34.h4 Kg7 35.Be2 h6 36.gxh6+ Kxh6
37.Bf3 Be8 38.Kg3 g5 39.Bxd5 gxh4+ 40.Rxh4+ Kg5 41.Bf3 b5 42.axb5 Rxb5 43.Re4 Bf7
44.b4 axb4 45.cxb4 Kf6 46.Kf4 Rf5+  1/2-1/2

[Event "60th ch-RUS Higher League"]
[Site "Krasnoyarsk RUS"]
[Date "2007.09.13"]
[Round "10"]
[White "Savchenko,B"]
[Black "Popov,Iv RUS"]
[Result "1/2-1/2"]
[WhiteElo "2577"]
[BlackElo "2524"]

1.e4 c5 2.Nc3 Nc6 3.Nge2 e6 4.d4 cxd4 5.Nxd4 Nf6 6.Nxc6 bxc6 7.e5 Nd5 8.Ne4 Bb7
9.c4 Nb4 10.c5 Qb8 11.f4 Ba6 12.Be3 Bxf1 13.Rxf1 Qb5 14.Qe2 Rb8 15.Qxb5 Rxb5
16.Kd2 Be7 17.Nc3 Rb7 18.a3 Nd5 19.Nxd5 exd5 20.b4 f6 21.Bd4 Kf7 22.Kc3 Rhb8
23.Rab1 a5 24.Rb3 axb4+ 25.Rxb4 fxe5 26.fxe5+ Ke6 27.Rfb1 Rxb4 28.axb4 Ra8
29.Kb3 Rf8 30.Ra1 Rf4 31.Kc3 Bh4 32.Kd3 Bf2 33.Bc3 d4 34.Bd2 Rh4 35.h3 Bg3
36.Ra8 Rh5 37.Kxd4 Bxe5+ 38.Kd3 Bf6 39.Re8+ Kd5 40.Re1 Rf5 41.Be3 Re5 42.Bd2 Rxe1
43.Bxe1 h5 44.g4 hxg4 45.hxg4 g6 46.Bg3 Bg5 47.Bf2 Ke5 48.Bg3+ Bf4 49.Bf2 Bh2
50.Be3 Bg3 51.Bd2 Kd5 52.Bc3 Bf2 53.Bd2 Bh4 54.Bc3 Bg3 55.Bd2 Ke5 56.Bc1 Be1
57.Kc4 Ke4 58.b5 cxb5+ 59.Kxb5 Kf3 60.c6 dxc6+ 61.Kxc6 Bg3 62.Kd5 Bf4 63.Ba3 Kxg4
64.Ke4 Bg5 65.Bd6 Bc1 66.Be7 Kh3 67.Kf3 g5 68.Bxg5 Bxg5 69.Ke4  1/2-1/2

[Event "Czech Coal"]
[Site "Carlsbad CZE"]
[Date "2007.09.14"]
[Round "6"]
[White "Akopian,Vl"]
[Black "Timman,J"]
[Result "1-0"]
[WhiteElo "2708"]
[BlackElo "2560"]

1.e4 c5 2.Nf3 e6 3.d4 cxd4 4.Nxd4 Nc6 5.Nc3 Qc7 6.Be3 a6 7.Qd2 Nf6 8.O-O-O Bb4
9.f3 Ne7 10.Nde2 b5 11.g4 h6 12.Qe1 Bc5 13.Bxc5 Qxc5 14.Nd4 e5 15.Nb3 Qc7
16.h4 Bb7 17.Rh2 d5 18.exd5 Nexd5 19.Nxd5 Nxd5 20.Na5 O-O-O 21.Nxb7 Qxb7
22.Qxe5 Rhe8 23.Qxg7 Qc7 24.Rhd2 Qf4 25.Qd4  1-0

[Event "3rd Geller mem Open A"]
[Site "Odessa UKR"]
[Date "2007.09.14"]
[Round "7"]
[White "Zdebskaja,N"]
[Black "Vasilevich,T"]
[Result "1-0"]
[WhiteElo "2303"]
[BlackElo "2377"]

1.e4 c5 2.Nf3 e6 3.d4 cxd4 4.Nxd4 Nc6 5.Nc3 a6 6.Be2 Qc7 7.O-O b5 8.Be3 Bb7
9.Kh1 Nf6 10.f4 d6 11.Bf3 Na5 12.e5 dxe5 13.fxe5 Qxe5 14.Bf4 Qc5 15.Bxb7 Nxb7
16.Qf3 Nd5 17.Be5 Nd8 18.Rae1 Nb6 19.Nf5 Qc6 20.Qg3 Kd7 21.Rd1+ Kc8 22.Bxg7 Rg8
23.Rxd8+ Kb7 24.Nd6+ Bxd6 25.Rxd6 Qc7 26.Qf3+ Ka7 27.Rxb6 Kxb6 28.Bd4+ Ka5
29.b4+ Kxb4 30.Nd5+ exd5 31.Qb3+  1-0

[Event "17th ch-EU U16 Boys"]
[Site "Sibenik CRO"]
[Date "2007.09.14"]
[Round "1"]
[White "Kosov,Iv"]
[Black "Ter Schegget,B"]
[Result "1/2-1/2"]
[WhiteElo "2379"]
[BlackElo "2139"]

1.e4 c5 2.Nc3 e6 3.Nf3 Nc6 4.d4 cxd4 5.Nxd4 Nf6 6.Nxc6 bxc6 7.e5 Nd5 8.Ne4 Qc7
9.f4 Qb6 10.Qe2 a5 11.c3 Ba6 12.Qf3 Be7 13.Bxa6 Qxa6 14.g4 f6 15.exf6 Nxf6
16.Ng3 O-O 17.g5 Nd5 18.Qe4 Qb6 19.c4 Bb4+ 20.Kd1 Nc7 21.Be3 Bc5 22.Bxc5 Qxc5
23.Rc1 Qd6+ 24.Kc2 Rxf4 25.Qe2 Qd4 26.Kb1 Rf2 27.Rhd1 Qf4 28.Qe4 Rb8 29.b3 Rd8
30.Qxf4 Rxf4 31.Rd2 Na6 32.Re1 Kf7 33.Re5 d5 34.Ne4 Rf5 35.g6+ hxg6 36.Ng5+ Kf6
37.Nxe6 Rd6 38.Rxf5+ gxf5 39.cxd5 cxd5 40.Nf4 d4 41.h4 Nc5 42.Kc2 Ne4 43.Rg2 g5
44.hxg5+ Nxg5 45.Nh5+ Kg6 46.Nf4+ Kf6 47.Nh5+ Kg6  1/2-1/2

[Event "17th ch-EU U16 Girls"]
[Site "Sibenik CRO"]
[Date "2007.09.14"]
[Round "1"]
[White "Agrest,I"]
[Black "Officer,A"]
[Result "1-0"]
[WhiteElo "2085"]
[BlackElo "1815"]

1.e4 c5 2.Nf3 e6 3.d4 cxd4 4.Nxd4 Nc6 5.Nc3 Qc7 6.Be3 a6 7.Qd2 Nf6 8.f3 Be7
9.g4 d6 10.O-O-O b5 11.h4 Bb7 12.Kb1 Rc8 13.Bh3 Nd7 14.g5 Nc5 15.h5 Ne5 16.Qg2 b4
17.Nce2 Nc4 18.Bc1 Rb8 19.g6 Bf6 20.Bg5 Qe7 21.gxf7+ Kxf7 22.Bxf6 gxf6 23.h6 Rhg8
24.Qf2 Ne5 25.Nf4 Bc8 26.Rhg1 Bd7 27.Qh4 Qf8 28.Nfe2 Ng6 29.Qh5 Ke7 30.f4 Be8
31.Qf3 Qxh6 32.Bxe6 Nxe6 33.Nf5+  1-0

[Event "17th ch-EU U18 Boys"]
[Site "Sibenik CRO"]
[Date "2007.09.14"]
[Round "1"]
[White "Gaehler,M"]
[Black "Szabo,Krisz1"]
[Result "0-1"]
[WhiteElo "2272"]
[BlackElo "2482"]

1.e4 c5 2.Nf3 e6 3.d4 cxd4 4.Nxd4 Nc6 5.Nc3 Qc7 6.Be2 a6 7.Be3 Nf6 8.O-O Be7
9.Kh1 O-O 10.f4 d6 11.Bf3 Bd7 12.Nb3 b5 13.a3 Rab8 14.Qd2 Rfd8 15.Qf2 Be8
16.Qg3 b4 17.axb4 Nxb4 18.Nd4 Nd7 19.Rf2 Bf6 20.Rd1 Nb6 21.Bc1 g6 22.Re2 Bg7
23.h4 Qc4 24.Red2 Qc5 25.Nb3 Qc7 26.h5 Nc4 27.Re2 Qb6 28.hxg6 hxg6 29.f5 Nxc2
30.Rxc2 Qxb3 31.Rf2 Ne5 32.Be2 f6 33.fxe6 Qxe6 34.Bxa6 d5 35.Be2 dxe4 36.Rxd8 Rxd8
37.Nxe4 Bc6 38.Nc3 Kf7 39.Rf1 Rh8+ 40.Kg1 f5 41.Qe3 Bf6 42.b4 Rh4 43.b5 Bb7
44.Rd1 f4 45.Qa7 Rh1+  0-1

[Event "TCh-FIN 2007-8"]
[Site "Finland FIN"]
[Date "2007.09.15"]
[Round "1"]
[White "Herranen,M"]
[Black "Haapasalo,JP"]
[Result "1-0"]
[WhiteElo "2095"]
[BlackElo "2186"]

1.e4 c5 2.Nf3 e6 3.d4 cxd4 4.Nxd4 Nc6 5.Nc3 a6 6.Be3 Qc7 7.Qd2 Nf6 8.f3 Ne5
9.Nb3 b5 10.Bd4 Bb7 11.Qf2 Rc8 12.O-O-O Be7 13.Kb1 d6 14.Bd3 O-O 15.Rhe1 Nfd7
16.f4 Nc4 17.Bxc4 bxc4 18.Nd2 e5 19.Be3 exf4 20.Bxf4 Bf6 21.Qg3 Ne5 22.Nf3 Rfe8
23.Bg5 Bxg5 24.Qxg5 Rb8 25.Qd2 Red8 26.Qd4 Qa5 27.Ka1 Qc7 28.Rd2 Re8 29.Qxd6 Qa5
30.Nxe5 Qxe5 31.Qxe5 Rxe5 32.Red1 g5 33.Rd4 Rbe8 34.Rxc4 Bxe4 35.Nxe4 Rxe4
36.Rxe4 Rxe4 37.Kb1 Re2 38.Rg1 f5 39.Kc1 f4 40.Kd1 Rf2 41.b4 Kf7 42.a4 Ke6
43.Re1+ Kd5 44.Re2 Rf1+ 45.Kd2 g4 46.Kd3 Rd1+ 47.Rd2 Ra1 48.a5 Rh1 49.c4+ Ke5
50.b5 Rxh2 51.b6 Rh1 52.Kc2  1-0

[Event "KNSB TCh-NED 2007-8"]
[Site "Netherlands NED"]
[Date "2007.09.15"]
[Round "1"]
[White "Feygin,M"]
[Black "Werle,J"]
[Result "1/2-1/2"]
[WhiteElo "2533"]
[BlackElo "2552"]

1.e4 c5 2.Nf3 e6 3.d4 cxd4 4.Nxd4 Nc6 5.Nc3 Qc7 6.Be3 a6 7.Qd2 Nxd4 8.Bxd4 Ne7
9.O-O-O Nc6 10.Be3 d6 11.f4 Be7 12.g4 b5 13.Kb1 Bb7 14.Qf2 O-O 15.h4 Rfe8
16.g5 Bf8 17.Rg1 Ne7 18.Bd3 b4 19.Ne2 d5 20.e5 Nf5 21.Bxf5 exf5 22.Nd4 Bc8
23.h5 a5 24.g6 fxg6 25.hxg6 h6 26.Qf3 Qb7 27.Rd3 Be7 28.Qh5 Rf8 29.e6 Qa6
30.Nxf5 Rxf5 31.Qxf5 Bxe6 32.Qh5 Rf8 33.Bd4 Bf5 34.Rd2 Qe6 35.Re2 Be4 36.Qe5 Qxe5
37.Bxe5 h5 38.Kc1 h4 39.Kd2 Rf5 40.Rxe4 dxe4 41.Rh1 Bg5 42.fxg5 Rxe5 43.Rxh4 e3+
44.Ke2 Rxg5 45.Kxe3 Rxg6 46.Rh5 Rg2 47.Kd3 g5 48.Rh6 a4 49.Rb6 b3 50.axb3 axb3
51.Rxb3 Rg3+ 52.Ke4 Rxb3 53.cxb3 Kf7 54.Kf5 Ke7 55.Kxg5 Kd6  1/2-1/2

[Event "17th ch-EU U18 Boys"]
[Site "Sibenik CRO"]
[Date "2007.09.15"]
[Round "2"]
[White "Hrabusa,M"]
[Black "Brunello,S"]
[Result "1-0"]
[WhiteElo "2277"]
[BlackElo "2475"]

1.e4 c5 2.Nf3 e6 3.d4 cxd4 4.Nxd4 Nc6 5.Nc3 a6 6.Be2 Qc7 7.Be3 Nf6 8.O-O Be7
9.f4 d6 10.a4 O-O 11.Kh1 Re8 12.Bf3 Rb8 13.g4 Nd7 14.g5 Nxd4 15.Bxd4 b6 16.Bg2 Bb7
17.Qh5 g6 18.Qh3 Bf8 19.f5 Ne5 20.Rf4 Bg7 21.Raf1 Qc4 22.Bxb6 Qb4 23.a5 Rbc8
24.Rh4 gxf5 25.Rxh7 Qxb2 26.Bd4 Qxc2 27.Rxg7+ Kxg7 28.Qh6+ Kg8 29.g6 Rc7
30.g7 f6 31.Qh8+ Kf7 32.Qxe8+ Kxg7 33.Rg1 Ng4 34.Qxe6 Qxc3 35.Qxd6 Qc2 36.Bf3 Bxe4
37.Qxf6+ Kh7 38.Qh8+ Kg6 39.Qe8+ Kh7 40.Qh8+ Kg6 41.Rxg4+ fxg4 42.Qe8+ Kh6
43.Be3+ Kg7 44.Qe5+ Kf8 45.Bxe4 Qd1+ 46.Kg2 Qe2+ 47.Bf2 Rf7 48.Qd6+ Kg8 49.Qd8+ Kg7
50.Qd4+ Kf8 51.Bd5 Rf5 52.Qh8+ Ke7 53.Qh7+ Kf6 54.Qf7+ Kg5 55.Qg7+ Kf4 56.Qh6+ Rg5
57.Bb7 Qc2 58.Qxa6 g3 59.Qf6+ Rf5 60.hxg3+  1-0

[Event "17th ch-EU U18 Girls"]
[Site "Sibenik CRO"]
[Date "2007.09.15"]
[Round "2"]
[White "Homiakova,Ek"]
[Black "Cucarella Montell,A"]
[Result "1/2-1/2"]
[WhiteElo "2089"]
[BlackElo "1921"]

1.e4 c5 2.Nf3 e6 3.Nc3 Nc6 4.d4 cxd4 5.Nxd4 Qc7 6.Be2 a6 7.O-O Nf6 8.Kh1 Nxd4
9.Qxd4 Bc5 10.Qd3 b5 11.Bg5 b4 12.Bxf6 gxf6 13.Nd1 Bb7 14.c3 Qe5 15.Bf3 Bd6
16.g3 h5 17.Ne3 Rc8 18.Rad1 Ke7 19.Nc4 Rxc4 20.Qxc4 bxc3 21.bxc3 h4 22.Kg1 hxg3
23.hxg3 Bc5 24.Kg2 Rc8 25.Qd3 Bd6 26.c4 Rg8 27.Rg1 Bc6 28.Rd2 Bb4 29.Rc2 Bc5
30.Rd2 Bb4 31.Re2 Bd6 32.Rh1 Ba4 33.Rh5 Qa1 34.Rd2 Bb4 35.Rh1 Qe5 36.Re2 Bd6
37.Rh5 Qa1 38.Rh1 Qe5 39.Rh3 Qa1 40.Rh7 Bb4 41.Bh5 Rf8 42.Qe3 Bc6 43.Qb3 Bc5
44.Qd3 Qe5 45.Bf3 Rg8 46.Rh5 Qd4 47.Qxd4 Bxd4 48.Rh7 Be5 49.Bh5 Rf8 50.Bf3 Rg8
51.Re1 Bd4 52.Reh1 Be5 53.R1h4 Bb7 54.Bh5 Rf8 55.f3 d5 56.cxd5 exd5 57.exd5 Bxd5
58.Ra4 Rc8 59.Rxa6 Rc2+ 60.Kh3 Bd4 61.Bg6 Rc1 62.Kg4 Rc4 63.Be4 Be6+ 64.Rxe6+ Kxe6
65.Rxf7 Bc5 66.Kh3 Rxe4 67.Rxf6+ Kxf6 68.fxe4 Ke5 69.Kg4 Kxe4 70.a4 Kd5 71.Kf5 Bd4
72.g4 Kc5 73.a5 Kb5  1/2-1/2

[Event "17th ch-EU U18 Boys"]
[Site "Sibenik CRO"]
[Date "2007.09.15"]
[Round "2"]
[White "Szabo,Krisz1"]
[Black "Krstic,P"]
[Result "1-0"]
[WhiteElo "2482"]
[BlackElo "2327"]

1.e4 c5 2.Nf3 e6 3.d4 cxd4 4.Nxd4 Nc6 5.Nc3 Qc7 6.Be3 a6 7.Qd2 Nf6 8.O-O-O Bb4
9.f3 O-O 10.g4 b5 11.Kb1 Ne5 12.g5 Bxc3 13.Qxc3 Qxc3 14.bxc3 Nh5 15.Nb3 f5
16.gxf6 Nxf6 17.Be2 d5 18.Nc5 Re8 19.Rhg1 Kf7 20.Rg5 Ned7 21.Rdg1 g6 22.e5 Nh5
23.Rxh5 gxh5 24.Nxd7 Bxd7 25.f4 Rg8 26.Bxh5+ Rg6 27.Bxg6+ hxg6 28.h4 Rc8
29.Bd4 Be8 30.Rg5 Ke7 31.a3 Rc4 32.Kc1 Bf7 33.Kd2 Rc8 34.Ke3 Rc4 35.Rg1 Rc8
36.Kf3 Rh8 37.Kg4 Be8 38.Bc5+ Kf7 39.c4 Bd7 40.cxb5 axb5 41.c3 Rc8 42.Bb4 Rh8
43.Rh1 Bc6 44.Rh2 Rg8 45.Kg3 Rh8 46.Kf2 Rh5 47.Ke3 Be8 48.Bc5 Bd7 49.Kd3 Rh8
50.Kd4 Rh5 51.Kd3 Rh8 52.Kc2 Rc8 53.Bd4 Kg7 54.Rg2 Kh7 55.Rg5 Be8 56.Kb3 Rc4
57.Kc2 Ra4 58.Kb2 Rc4 59.Rg4 Bf7 60.Kc2 Kh6 61.Rg1 Ra4 62.Ra1 Kh5 63.Kd3 Be8
64.Ke3 Rc4 65.Kf3 Ra4 66.Kg3 Rc4 67.Rc1 Kh6 68.Kg4 Bf7 69.Rg1 Be8 70.Rg3 Bf7
71.Bb6 Rc8 72.Ba5 Be8 73.Bb4 Bf7 74.Rg1 Rg8 75.Rb1 Be8 76.Be7 Bd7 77.a4 Rb8
78.Bd6 Rb7 79.Bf8+ Kh7 80.Kg5 Kg8 81.Bd6 Kf7 82.Kh6 Be8 83.Kh7 b4 84.h5 gxh5
85.Rg1  1-0

[Event "TCh-FIN 2007-8"]
[Site "Finland FIN"]
[Date "2007.09.16"]
[Round "2"]
[White "Franssila,T"]
[Black "Issakainen,A"]
[Result "1/2-1/2"]
[WhiteElo "2280"]
[BlackElo "2228"]

1.e4 c5 2.Nf3 e6 3.d4 cxd4 4.Nxd4 Nc6 5.Nc3 Qc7 6.Be3 a6 7.Qd2 Nf6 8.O-O-O Bb4
9.f3 b5 10.Nb3 Ne5 11.Qd4 Nc6 12.Qb6 Qxb6 13.Bxb6 O-O 14.Bc5 Bxc5 15.Nxc5 Rd8
16.Rd6 Ne8 17.Rd2 d6 18.Nb3 Bb7 19.Be2 Kf8 20.Rhd1 Ke7  1/2-1/2

[Event "17th ch-EU U18 Boys"]
[Site "Sibenik CRO"]
[Date "2007.09.16"]
[Round "3"]
[White "Katov,L"]
[Black "Stojanovski,St"]
[Result "1-0"]
[WhiteElo "2277"]
[BlackElo "1980"]

1.e4 c5 2.Nf3 e6 3.d4 cxd4 4.Nxd4 Nc6 5.Nc3 a6 6.Be2 Qc7 7.O-O Nf6 8.Be3 Bb4
9.Na4 Be7 10.Nxc6 bxc6 11.Nb6 Rb8 12.Nxc8 Qxc8 13.Bd4 O-O 14.e5 Nd5 15.c4 Nf4
16.Bf3 Ng6 17.Qe2 f6 18.exf6 Bxf6 19.Rad1 Ne7 20.Bg4 c5 21.Bc3 Kh8 22.Rd6 Nc6
23.Rd3 Bd4 24.Rh3 Rf6 25.Bf3 Ne7 26.Qd3 Nf5 27.Bxd4 cxd4 28.g4 Rh6 29.Rxh6 Nxh6
30.Qxd4 Qc7 31.Rd1 Rf8 32.Bg2 e5 33.Qd6 Qxd6 34.Rxd6 Nxg4 35.h3 Nxf2 36.Rd2 Nxh3+
37.Bxh3 h5 38.Bxd7 Rf4  1-0

[Event "17th ch-EU U16 Girls"]
[Site "Sibenik CRO"]
[Date "2007.09.16"]
[Round "3"]
[White "Guadamuro Torrente,A"]
[Black "Asgarova,T"]
[Result "0-1"]
[WhiteElo "2095"]
[BlackElo "1989"]

1.e4 c5 2.Nf3 e6 3.Nc3 Nc6 4.d4 cxd4 5.Nxd4 d6 6.Be2 Be7 7.Be3 Nf6 8.O-O O-O
9.f4 a6 10.Qe1 Nxd4 11.Bxd4 b5 12.a3 Bb7 13.Qg3 g6 14.Bd3 Nh5 15.Qe3 Qc7
16.g4 Nxf4 17.Qxf4 e5 18.Qh6 exd4 19.Nd5 Bxd5 20.exd5 Qd7 21.Rf4 Rfe8 22.Raf1 Bf8
23.Qh4 Qe7 24.g5 Qe3+ 25.Kg2 Ra7 26.R4f3 Qe5 27.Rh3 Qxd5+ 28.Kg1 h5 29.gxh6 Kh7
30.Rhf3 Re5 31.Qf6 Rg5+ 32.Kf2 Qe5 33.Qd8 Bxh6 34.Qb6 Qxh2+ 35.Ke1 Re5+  0-1

[Event "17th ch-EU U18 Boys"]
[Site "Sibenik CRO"]
[Date "2007.09.16"]
[Round "3"]
[White "Green,An"]
[Black "Beck,F"]
[Result "0-1"]
[WhiteElo "1951"]
[BlackElo "2292"]

1.e4 c5 2.Nc3 e6 3.Nf3 Nc6 4.d4 cxd4 5.Nxd4 Qc7 6.Be3 a6 7.Qd2 Nf6 8.O-O-O Bb4
9.f3 Ne7 10.Nde2 b5 11.Kb1 Ba5 12.Bf4 e5 13.Bg5 b4 14.Na4 b3 15.Nec3 bxa2+
16.Ka1 Bb4 17.Bxf6 gxf6 18.Nd5 Nxd5 19.Qxd5 Rb8 20.c3 Be7 21.Bc4 O-O 22.Bxa2 Rb5
23.Qd2 Ra5 24.b3 d6 25.c4 Be6 26.Nc3 Rb8 27.Rb1 Rc5 28.Nd5 Bxd5 29.exd5 f5
30.Qh6 Bf8 31.Qg5+ Bg7 32.Rb2 e4 33.Kb1 Rxc4 34.Re1 Kh8 35.Rbe2 Qa5 36.Qd2 Rxb3+  0-1